Membrane handbook / (Record no. 18243)
[ view plain ]
| 000 -LEADER | |
|---|---|
| fixed length control field | 01000 am a22002657a 4500 |
| 001 - CONTROL NUMBER | |
| control field | 009735813 |
| 003 - CONTROL NUMBER IDENTIFIER | |
| control field | OSt |
| 005 - DATE AND TIME OF LATEST TRANSACTION | |
| control field | 20140429155109.0 |
| 008 - FIXED-LENGTH DATA ELEMENTS--GENERAL INFORMATION | |
| fixed length control field | 140429s2001 xxua frbf 001 0 eng d |
| 020 ## - INTERNATIONAL STANDARD BOOK NUMBER | |
| International Standard Book Number | 9780412988714 |
| 082 00 - DEWEY DECIMAL CLASSIFICATION NUMBER | |
| Classification number | 660.2842 |
| Edition number | 22 |
| Item number | MEM |
| 245 00 - TITLE STATEMENT | |
| Title | Membrane handbook / |
| Statement of responsibility, etc | edited by W. S. Winston Ho and Kamalesh K. Sirkar. |
| 260 ## - PUBLICATION, DISTRIBUTION, ETC. (IMPRINT) | |
| Place of publication, distribution, etc | Boston, United States ; |
| -- | Dordrecht, Netherlands ; |
| -- | London : |
| Name of publisher, distributor, etc | Kluwer Academic Publishers, |
| Date of publication, distribution, etc | 2001 |
| Place of manufacture | ([Washington] : |
| Manufacturer | Acid-Free Paper) |
| 300 ## - PHYSICAL DESCRIPTION | |
| Extent | xxi, 954 p. |
| Other physical details | ill. ; |
| Dimensions | 26 cm. |
| 500 ## - GENERAL NOTE | |
| General note | Index : p. 936-954. |
| 500 ## - GENERAL NOTE | |
| General note | Copyright 1992 by Van Nostrand Reinhold. |
| 504 ## - BIBLIOGRAPHY, ETC. NOTE | |
| Bibliography, etc | Includes bibliographical references. |
| 504 ## - BIBLIOGRAPHY, ETC. NOTE | |
| Bibliography, etc | Bibliography : p. 932-935. |
| 650 #0 - SUBJECT ADDED ENTRY--TOPICAL TERM | |
| Topical term or geographic name as entry element | Membranes (Technology) |
| General subdivision | Handbooks, manuals, etc. |
| 9 (RLIN) | 35944 |
| 653 ## - INDEX TERM--UNCONTROLLED | |
| Resource For college | Engineering, Chemical |
| Arrived date list | April2014 |
| 655 ## - INDEX TERM--GENRE/FORM | |
| Form subdivision | |
| -- | 34232 |
| 700 1# - ADDED ENTRY--PERSONAL NAME | |
| Personal name | Ho, W. S. Winston, |
| Dates associated with a name | 1943- |
| Relator term | editor. |
| 9 (RLIN) | 35945 |
| 700 1# - ADDED ENTRY--PERSONAL NAME | |
| Personal name | Sirkar, Kamalesh K., |
| Dates associated with a name | 1942- |
| Relator term | editor. |
| 9 (RLIN) | 35946 |
| 942 ## - ADDED ENTRY ELEMENTS (KOHA) | |
| Source of classification or shelving scheme | Dewey Decimal Classification |
| Call number prefix | 660.2842 MEM |
| Withdrawn status | Item status | Source of classification or shelving scheme | Damaged status | Not for loan | Vendor | Home library | Current library | Shelving location | Date acquired | Source of acquisition | Cost, normal purchase price | Total Checkouts | Full call number | Barcode | Date last seen | Cost, replacement price | Koha item type |
|---|---|---|---|---|---|---|---|---|---|---|---|---|---|---|---|---|---|
| Dewey Decimal Classification | Baccah | Central Library | Central Library | First floor | 29/04/2014 | 1350.00 | 660.2842 MEM | 000035929 | 15/07/2025 | 1687.50 | Book - Borrowing |